Countries By Population Growth Rate (Since 2013) - Statistics

General Stats
  • This quiz has been taken 12 times
  • The average score is 15 of 20
Answer Stats
Growth Rate Answer % Correct
3.32% Niger
100%
2.73% Togo
100%
2.84% Benin
91%
2.89% Zambia
91%
4.38% Zimbabwe
91%
2.78% Angola
82%
3.08% Burundi
82%
2.9% Ethiopia
82%
2.74% Malawi
82%
2.86% Republic of the Congo
82%
2.7% Rwanda
82%
4.23% South Sudan
82%
4.85% Libya
73%
3.01% Mali
73%
2.82% Tanzania
73%
3.32% Uganda
73%
3.06% Burkina Faso
64%
2.87% United Arab Emirates
64%
4.19% Qatar
55%
2.87% Turks and Caicos Islands
9%
No matching quizzes found
Score Distribution
Percent of People with Each Score
Percentile by Number Answered
Your Score History
You have not taken this quiz